Public finance : (Record no. 67008)
[ view plain ]
| 000 -LEADER | |
|---|---|
| fixed length control field | 00713cam a2200229 a 4500 |
| 001 - CONTROL NUMBER | |
| control field | sa 66000052 |
| 003 - CONTROL NUMBER IDENTIFIER | |
| control field | DLC |
| 005 - DATE AND TIME OF LATEST TRANSACTION | |
| control field | 20260227112212.0 |
| 008 - FIXED-LENGTH DATA ELEMENTS--GENERAL INFORMATION | |
| fixed length control field | 811006s1964 ii a b 001 0 eng |
| 010 ## - LIBRARY OF CONGRESS CONTROL NUMBER | |
| LC control number | sa 66000052 |
| 035 ## - SYSTEM CONTROL NUMBER | |
| System control number | (OCoLC)7821394 |
| 040 ## - CATALOGING SOURCE | |
| Original cataloging agency | DLC |
| Transcribing agency | DLC |
| 050 00 - LIBRARY OF CONGRESS CALL NUMBER | |
| Classification number | HJ141 |
| Item number | .G35 1964 |
| 100 1# - MAIN ENTRY--PERSONAL NAME | |
| Personal name | Ganguly, Subrata, |
| Titles and words associated with a name | M.A. |
| 245 10 - TITLE STATEMENT | |
| Title | Public finance : |
| Remainder of title | a normative approach / |
| Statement of responsibility, etc. | by Subrata Ganguly. |
| 250 ## - EDITION STATEMENT | |
| Edition statement | Throughly rev. and enl. 2nd ed. |
| 260 ## - PUBLICATION, DISTRIBUTION, ETC. | |
| Place of publication, distribution, etc. | Calcutta : |
| Name of publisher, distributor, etc. | Nababharat Publishers, |
| Date of publication, distribution, etc. | 1964. |
| 300 ## - PHYSICAL DESCRIPTION | |
| Extent | xii, 251 p. : |
| Other physical details | ill. ; |
| Dimensions | 23 cm. |
| 500 ## - GENERAL NOTE | |
| General note | Previous ed.: 1963. |
| 504 ## - BIBLIOGRAPHY, ETC. NOTE | |
| Bibliography, etc. note | Includes bibliographical references (p. [241]-248) and index. |
| 650 #0 - SUBJECT ADDED ENTRY--TOPICAL TERM | |
| Topical term or geographic name entry element | Finance, Public. |
No items available.